00577nas a22001577a 4500008004100000245005900041260011400100300000900214546001400223590003300237590004400270650002700314856005100341942001200392999001500404130520t20109999ag ||||| |||| 00| 0 spa d aActualizaciones Cientificas Montpellier en Metabolismo aBuenos Aires,bSociedad Iberoamericana de Informacion Cientifica;bInvestigacion + Documentacion S. A.:c2010 av. : aespañol aIndizada en: SIIC Data Bases aExistencias: 2010 1(1,3-5); 2011 2(1,2) aMEDICINA INTERNA91738 uhttp://www.siicsalud.com/lmr/siicdatabases.php 2ddccCR c1437d1437